01443nam a22003257a 450000500170000000800410001702000550005811000510011324501200016430000150028451800130029965300350031265300560034765300480040365300360045165300520048765300310053965300290057065300490059965300140064865300270066265300340068970000410072370000300076477400260079485601380082085601320095894200120109099900150110220260504121447.0260504s2026 ag ||||| |||| 00| 0 spa d aAc. 03/26 TSJ - Sala Penal Fecha 29/04/26bAC aTribunal Superior de Justicia - Sala Penal91811a"VILLAGRAN, LEONARDO EMANUEL S/ ABUSO SEXUAL AGRAVADO POR EL VINCULO" /cTribunal Superior de Justicia - Sala Penal a68 p.bpdf a29/04/26 aVULNERABILIDAD DE LA VÍCTIMA aVULNERACIÓN DERECHOS DE GARANTÍA CONSTITUCIONAL aARBITRARIEDAD POR FUNDAMENTACIÓN APARENTE aDERECHO DE DEFENSA DEL IMPUTADO aDERECHOS DE JERARQUIA CONSTITUCIONAL DEL NIÑO aART 196 1ER PÁRRAFO CPPN aPRINCIPIO DE CONGRUENCIA aTRATADOS INTERNACIONALES DE DERECHOS HUMANOS aLEY 26061 aPERSPECTIVA DE NIÑEZ aINTERÉS SUPERIOR DEL NIÑO1 aElosu Larumbe, Alfredo Alejandro9121 aGennari Maria Soledad927 aLEG MPFNQ 188258/2021 uhttp://jurispenal.jusneuquen.gov.ar/cgi-bin/koha/opac-retrieve-file.pl?id=a239b552f5aa761c433eafecccb74fbayTexto completo Ac. 03/26  uhttp://jurispenal.jusneuquen.gov.ar/cgi-bin/koha/opac-retrieve-file.pl?id=4224fec27309707e0faf31b107fc9f0ay TI Sentencia 81/25 2ddccAC c1279d1279